| 000 | 00624nam a2200157 a 4500 | ||
|---|---|---|---|
| 005 | 20140412111233.0 | ||
| 008 | 010402s19uu xx 00 eng d | ||
| 020 | _a1-85830-099-1 | ||
| 050 |
_aBB _bCh34 1993 |
||
| 245 |
_aThe children's atlas of the world / _cillustrated by Stuart Brendon. |
||
| 260 |
_aLondon : _bGrandreams Limited, _c1993. |
||
| 300 | _a1 v. (unp.) ; ill. | ||
| 520 | _aThis atlas for children is the fun way to explore the countries of the world. Each boldly illustrated map is accompanied by a fact panel that young readers will find easy to understand. | ||
| 650 | _aWorld Atlas | ||
| 999 |
_c102286 _d102286 |
||